Communities Scotland (Record no. 120056)

MARC details
000 -LEADER
fixed length control field 00911cam a2200205 4500
001 - CONTROL NUMBER
control field WS118260
008 - FIXED-LENGTH DATA ELEMENTS--GENERAL INFORMATION
fixed length control field 020531n 000 0 eng u
035 ## - SYSTEM CONTROL NUMBER
System control number (Sirsi) u118260
110 ## - MAIN ENTRY--CORPORATE NAME
Corporate name or jurisdiction name as entry element Communities Scotland
9 (RLIN) 4256
245 ## - TITLE STATEMENT
Title Communities Scotland
520 ## - SUMMARY, ETC.
Summary, etc. Web site for this body which works on behalf of government 'to promote social justice and tackle exclusion through the delivery of sustainable community regeneration'. Includes pages on regeneration, investment and regulation. Also links to draft Housing Market Context Statements for each Scottish county.
650 ## - SUBJECT ADDED ENTRY--TOPICAL TERM
Topical term or geographic name entry element SCOTLAND
650 ## - SUBJECT ADDED ENTRY--TOPICAL TERM
Topical term or geographic name entry element HOUSING MARKET CONTEXT STATEMENTS
650 ## - SUBJECT ADDED ENTRY--TOPICAL TERM
Topical term or geographic name entry element HOUSING (SCOTLAND) ACT 2001
650 ## - SUBJECT ADDED ENTRY--TOPICAL TERM
Topical term or geographic name entry element INVESTMENT
650 ## - SUBJECT ADDED ENTRY--TOPICAL TERM
Topical term or geographic name entry element SOCIAL HOUSING
690 ## - LOCAL SUBJECT ADDED ENTRY--TOPICAL TERM (OCLC, RLIN)
Topical term or geographic name as entry element REGENERATION
856 40 - ELECTRONIC LOCATION AND ACCESS
Uniform Resource Identifier <a href="https://www.communitiesscotland.gov.uk">https://www.communitiesscotland.gov.uk</a>
Public note View the website free of charge at www.communitiesscotland.gov.uk...
942 ## - ADDED ENTRY ELEMENTS (KOHA)
Suppress in OPAC 0
Holdings
Withdrawn status Lost status Source of classification or shelving scheme Damaged status Not for loan Home library Current library Shelving location Date acquired Total Checkouts Full call number Barcode Date last seen Copy number Price effective from Koha item type
    Dewey Decimal Classification     Virtual Virtual Online 31/05/2002   WEB SITE 118260-2001 06/08/2019 1 06/08/2019 Online material